Organizačné formy marketingového útvaru v podnikoch z pohľadu priority výskumu trhu a ich aplikácia v slovenskej ekonomike

Saved in:
Bibliographic Details
Main Author: Tkáčiková, Jarmila
Other Authors: Jagerčík, Štefan, Ďurkech, Boris
Format: Book Chapter
Language:Slovak
Tags: Add Tag
No Tags, Be the first to tag this record!

MARC

LEADER 00000naa a2200000 4500
001 0146389
005 20240502072636.6
041 0 |a slo 
044 |a SK 
245 1 0 |a Organizačné formy marketingového útvaru v podnikoch z pohľadu priority výskumu trhu a ich aplikácia v slovenskej ekonomike  |c Jarmila Tkáčiková, Štefan Jagerčík, Boris Ďurkech 
100 1 |a Tkáčiková, Jarmila 
700 1 |a Jagerčík, Štefan 
700 1 |a Ďurkech, Boris